Maires de la Métropole du Grand Paris (2020-26) - Statistiques

Statistiques générales
  • Ce quiz a été pris 58 fois
    27 depuis la dernière actualisation
  • Le résultat moyen est 21 sur 131
Statistiques - réponses
Commune Nom du / de la Maire % Correct
Paris Anne HIDALGO
95%
Saint-Ouen-sur-Seine Karim BOUAMRANE
45%
Saint-Denis Mathieu HANOTIN
45%
Rueil-Malmaison Patrick OLLIER
45%
Levallois-Perret Agnès POTTIER-DUMAS
40%
Issy-les-Moulineaux André SANTINI
40%
Courbevoie Jacques KOSSOWSKI
40%
Puteaux Joëlle CECCALDI-RAYNAUD
40%
Asnières-sur-Seine Manuel AESCHLIMANN
40%
Créteil Laurent CATHALA
35%
Boulogne-Billancourt Pierre-Christophe BAGUET
35%
Drancy Aude LAGARDE
30%
Bry-sur-Marne Charles ASLANGUL
30%
Vincennes Charlotte LIBERT-ALBANEL
30%
Meudon Denis LARGHERO
30%
Montrouge Etienne LENGEREAU
30%
Neuilly-sur-Seine Jean-Christophe FROMANTIN
30%
Châtillon Nadège AZZAZ
30%
Gennevilliers Patrice LECLERC
30%
Villeneuve-Saint-Georges Philippe GAUDIN
30%
Vanves Bernard GAUDUCHEAU
25%
Noisy-le-Grand Brigitte MARSIGNY
25%
Charenton-le-Pont Hervé GICQUEL
25%
Nogent-sur-Marne Jacques Jean-Paul MARTIN
25%
Fontenay-sous-Bois Jean-Philippe GAUTRAIS
25%
Saint-Mandé Julien WEIL
25%
Alfortville Luc CARVOUNAS
25%
Bagneux Marie-Hélène AMIABLE
25%
Joinville-le-Pont Olivier DOSNE
25%
Livry-Gargan Pierre-Yves MARTIN
25%
Bagnolet Tony DI MARTINO
25%
Aulnay-sous-Bois Bruno BESCHIZZA
20%
Châtenay-Malabry Carl SEGAUD
20%
Arcueil Christian METAIRIE
20%
Saint-Cloud Eric BERDOATI
20%
La Courneuve Gilles POUX
20%
Sèvres Grégoire DE LA RONCIERE
20%
Suresnes Guillaume BOUDY
20%
Épinay-sur-Seine Hervé CHEVREAU
20%
Malakoff Jacqueline BELHOMME
20%
Clamart Jean-Didier BERGER
20%
Athis-Mons Jean-Jacques GROUSSEAU
20%
Antony Jean-Yves SENANT
20%
Champigny-sur-Marne Laurent JEANNE
20%
Fontenay-aux-Roses Laurent VASTEL
20%
Montreuil Patrice BESSAC
20%
Colombes Patrick CHAIMOVITCH
20%
Sceaux Philippe LAURENT
20%
Bobigny Abdel SADI
15%
Stains Azzédine TAIBI
15%
Pantin Bertrand KERN
15%
Le Perreux-sur-Marne Christel ROYER
15%
Neuilly-Plaisance Christian DEMUYNCK
15%
Bonneuil-sur-Marne Denis ÖZTORUN
15%
Villetaneuse Dieunor EXCELLENT
15%
Limeil-Brévannes Françoise LECOUFLE
15%
Argenteuil Georges MOTHRON
15%
Cachan Hélène DE COMARMOND
15%
Chaville Jean-Jacques GUILLET
15%
Viry-Châtillon Jean-Marie VILAIN
15%
Aubervilliers Karine FRANCLET
15%
Juvisy-sur-Orge Lamia BENSARSA REDA
15%
Les Lilas Lionel BENHAROUS
15%
Maisons-Alfort Mary-France PARRAIN
15%
Pierrefitte-sur-Seine Michel FOURCADE
15%
La Garenne-Colombes Monique RAIMBAULT
15%
Clichy-sous-Bois Olivier KLEIN
15%
Bourg-la-Reine Patrick DONATH
15%
Villejuif Pierre GARZON
15%
Nanterre Raphaël ADAM
15%
Clichy Rémi MUZEAU
15%
Thiais Richard DELL'AGNOLA
15%
Sevran Stéphane BLANCHET
15%
Bondy Stephen HERVE
15%
Choisy-le-Roi Tonino PANETTA
15%
Neuilly-sur-Marne Zartoshte BAKHTIARI
15%
Ville-d'Avray Aline DE MARCILLAC
10%
Villeneuve-le-Roi Didier GONZALES
10%
Tremblay-en-France François ASENSI
10%
Romainville François DECHY
10%
Villiers-sur-Marne Jacques-Alain BENISTI
10%
Le Raincy Jean-Michel GENESTIER
10%
Garches Jeanne BECART
10%
Chennevières-sur-Marne Jean-Pierre BARNAUD
10%
Les Pavillons-sous-Bois Katia COPPI
10%
Le Pré-Saint-Gervais Laurent BARON
10%
Coubron Ludovic TORO
10%
Fresnes Marie CHAVANON
10%
Villepinte Martine VALLETON
10%
Valenton Metin YAVUZ
10%
Noisy-le-Sec Olivier SARRABEYROUSE
10%
Villeneuve-la-Garenne Pascal PELAIN
10%
Ivry-sur-Seine Philippe BOUYSSOU
10%
Le Plessis-Robinson Philippe PEMEZEC
10%
Vitry-sur-Seine Pierre BELL-LLOCH
10%
Saint-Maur-des-Fossés Pierre-Michel DELECROIX
10%
Dugny Quentin GESELL
10%
Boissy-Saint-Léger Régis CHARBONNIER
10%
Gagny Rolin CRANOLY
10%
Chevilly-Larue Stéphanie DAUMIN
10%
Bois-Colombes Yves REVILLON
10%
Rungis Bruno MARCILLAUD
5%
Marnes-la-Coquette Christiane BARODY-WEISS
5%
L'Haÿ-les-Roses Clément DECROUY
5%
Ablon-sur-Seine Eric GRILLON
5%
Gentilly Fatah AGGOUNE
5%
Orly Imène SOUID-BEN CHEIKH
5%
Le Bourget Jean-Baptiste BORSALI
5%
Le Kremlin-Bicêtre Jean-François DELAGE
5%
Rosny-sous-Bois Jean-Paul FAUCONNET
5%
Ormesson-sur-Marne Marie-Christine SEGUI
5%
Montfermeil Xavier LEMOINE
5%
Savigny-sur-Orge Alexis TEILLET
0%
Marolles-en-Brie Alphonse BOYE
0%
Périgny Arnaud VEDIE
0%
Morangis Brigitte VERMILLET
0%
Le Plessis-Trévise Didier DOUSSET
0%
Vaujours Dominique BAILLY
0%
Gournay-sur-Marne Eric SCHLEGEL
0%
Saint-Maurice Igor SEMO
0%
Villemomble Jean-Michel BLUTEAU
0%
La Queue-en-Brie Jean-Paul FAURE-SOULET
0%
Le Blanc-Mesnil Jean-Philippe RANQUET
0%
L'Île-Saint-Denis Mohamed GNABALY
0%
Paray-Vieille-Poste Nathalie LALLIER
0%
Sucy-en-Brie Olivier TRAYAUX
0%
Villecresnes Patrick FARCY
0%
Vaucresson Véronique JACQUELINE-COLAS
0%
Santeny Vincent BEDU
0%
Noiseau Yvan FEMEL
0%
Mandres-les-Roses Yves THOREAU
0%
Aucun quiz correspondant
Distribution des résultats
% des personnes avec chaque résultat
Percentile par nombre de réponses
Votre historique - résultats
Vous n’avez pas pris ce quiz depuis la dernière actualisation